Le Missioni Cattoliche Storia del cristianesimo 1878-2005 n.8

Guardat en:
Dades bibliogràfiques
Autor principal: Elio Guerriero
Format: Llibre
Idioma:idioma desconegut
Publicat: La Grande Biblioteca Cristiana
Etiquetes: Afegir etiqueta
Sense etiquetes, Sigues el primer a etiquetar aquest registre!

MARC

LEADER 00000nam a2200000Ia 4500
001 R-21
003 CODICE-MESSINA
005 20260212102445.0
008 260211s9999 xx 000 0 und d
040 |c importazione_messina 
100 |a Elio Guerriero 
245 0 |a Le Missioni Cattoliche 
245 0 |b Storia del cristianesimo 1878-2005 n.8 
260 |b La Grande Biblioteca Cristiana 
942 |2 ddc  |c BK 
952 |0 0  |1 0  |2 ddc  |4 0  |6 SCAFFALE_1_000000000000000__RELIGIONE  |7 0  |9 30832  |a ME  |b ME  |d 2026-02-11  |l 0  |o SCAFFALE 1 - RELIGIONE  |p R-21  |r 2026-02-11 23:52:10  |w 2026-02-11  |x [REVISIONARE]  |y BK 
999 |c 26499  |d 26499